Name the Character 3 - Statistics

General Stats
  • This quiz has been taken 14 times
  • The average score is 8 of 16
Answer Stats
Picture Answer % Correct
Rocky Balboa
100%
Legolas
69%
Admiral Ackbar
62%
Bob
62%
Andy Dufresne
54%
Patrick Bateman
54%
Tony Montana
54%
Atticus Finch
46%
Edna Mode
46%
John McLane
46%
Master Oogway
46%
Mobius
38%
Brainiac
23%
Fred Jones
23%
Lloyd Garmadon
23%
John Coffey
15%
No matching quizzes found
Score Distribution
Percent of People with Each Score
Percentile by Number Answered
Your Score History
You have not taken this quiz